La basilique royale du Temple hérodien selon Flavius Josèphe et les dernières découvertes archéologiques: À propos d'un récent rapport final de fouilles
Dans le rapport final des fouilles du Mont du Temple (Qedem 57) paru en 2017, Orit Peleg-Barkat propose, à la suite d'une typologie des pièces d'architecture décorative retrouvées au pied de l'esplanade, une restitution de la basilique royale du temple hérodien et une description du v...
| Main Author: | |
|---|---|
| Format: | Electronic Review |
| Language: | French |
| Check availability: | HBZ Gateway |
| Interlibrary Loan: | Interlibrary Loan for the Fachinformationsdienste (Specialized Information Services in Germany) |
| Published: |
[2018]
|
| In: |
Revue biblique
Year: 2018, Volume: 125, Issue: 1, Pages: 57-89 |
| Review of: | The Temple Mount excavations in Jerusalem ; Volume 5: Herodian architectural decoration and King Herod's royal portico (Jerusalem : Institute of Archaeology, The Hebrew University of Jerusalem, 2017) (Cabaret, Dominique-Marie)
|
| Standardized Subjects / Keyword chains: | B
Jerusalem
/ Temple
/ Basilica
/ Door
/ Architecture
/ History 20 BC-70
/ Excavation
|
| RelBib Classification: | HH Archaeology KBL Near East and North Africa TB Antiquity |
| Further subjects: | B
Book review
|
| Online Access: |
Volltext (lizenzpflichtig) |
| Parallel Edition: | Non-electronic
|
MARC
| LEADER | 00000caa a2200000 c 4500 | ||
|---|---|---|---|
| 001 | 1582090750 | ||
| 003 | DE-627 | ||
| 005 | 20211208115618.0 | ||
| 007 | cr uuu---uuuuu | ||
| 008 | 181018s2018 xx |||||oo 00| ||fre c | ||
| 024 | 7 | |a 10.2143/RBI.125.1.3284859 |2 doi | |
| 035 | |a (DE-627)1582090750 | ||
| 035 | |a (DE-576)512090750 | ||
| 035 | |a (DE-599)BSZ512090750 | ||
| 040 | |a DE-627 |b ger |c DE-627 |e rda | ||
| 041 | |a fre | ||
| 084 | |a 1 |2 ssgn | ||
| 100 | 1 | |e VerfasserIn |0 (DE-588)1078116555 |0 (DE-627)837988713 |0 (DE-576)44893423X |4 aut |a Cabaret, Dominique-Marie |d 1967- | |
| 109 | |a Cabaret, Dominique-Marie 1967- | ||
| 245 | 1 | 3 | |a La basilique royale du Temple hérodien selon Flavius Josèphe et les dernières découvertes archéologiques |b À propos d'un récent rapport final de fouilles |c Dominique-Marie Cabaret |
| 264 | 1 | |c [2018] | |
| 336 | |a Text |b txt |2 rdacontent | ||
| 337 | |a Computermedien |b c |2 rdamedia | ||
| 338 | |a Online-Ressource |b cr |2 rdacarrier | ||
| 520 | |a Dans le rapport final des fouilles du Mont du Temple (Qedem 57) paru en 2017, Orit Peleg-Barkat propose, à la suite d'une typologie des pièces d'architecture décorative retrouvées au pied de l'esplanade, une restitution de la basilique royale du temple hérodien et une description du vestibule de la double porte dite de Hulda. Dans cet article, ses résultats et sa démarche sont présentés, puis discutés en s'appuyant sur le passage des Antiquités Juives et la description de la basilique par Pierre Gros. | ||
| 520 | |a In the final report of the excavations of the Temple Mount (Qedem 57) published in 2017, Orit Peleg-Barkat proposes, following a typology of decorative architectural pieces found at the foot of the esplanade, a restitution of the royal portico of the Herodian temple and a description of the vestibule of the Hulda Double Gate. In this article, her results and her approach are presented, then discussed based on the passage of the Antiquities of the Jews and the portico's description by Pierre Gros. | ||
| 652 | |a HH:KBL:TB | ||
| 655 | 7 | |a Rezension |0 (DE-588)4049712-4 |0 (DE-627)106186019 |0 (DE-576)209083166 |2 gnd-content | |
| 689 | 0 | 0 | |d g |0 (DE-588)4028586-8 |0 (DE-627)104653779 |0 (DE-576)208978097 |2 gnd |a Jerusalem |
| 689 | 0 | 1 | |d s |0 (DE-588)4059416-6 |0 (DE-627)10439403X |0 (DE-576)209130709 |2 gnd |a Tempel |
| 689 | 0 | 2 | |d s |0 (DE-588)4004629-1 |0 (DE-627)106384902 |0 (DE-576)208856994 |2 gnd |a Basilika |
| 689 | 0 | 3 | |d s |0 (DE-588)4060437-8 |0 (DE-627)106139533 |0 (DE-576)209135263 |2 gnd |a Tor |
| 689 | 0 | 4 | |d s |0 (DE-588)4002851-3 |0 (DE-627)104280352 |0 (DE-576)208848975 |2 gnd |a Architektur |
| 689 | 0 | 5 | |q z |2 gnd |a Geschichte v20-70 |
| 689 | 0 | 6 | |d s |0 (DE-588)4129464-6 |0 (DE-627)104660694 |0 (DE-576)209610735 |2 gnd |a Ausgrabung |
| 689 | 0 | |5 (DE-627) | |
| 773 | 0 | 8 | |i Enthalten in |t Revue biblique |d Louvain : Peeters, 1946 |g 125(2018), 1, Seite 57-89 |h Online-Ressource |w (DE-627)853888191 |w (DE-600)2850687-X |w (DE-576)462777774 |x 2466-8583 |7 nnas |
| 773 | 1 | 8 | |g volume:125 |g year:2018 |g number:1 |g pages:57-89 |
| 776 | 0 | 8 | |i Erscheint auch als |n Druck-Ausgabe |a Cabaret, Dominique-Marie, 1967 - |t La basilique royal du Temple hérodien selon Flavius Josèphe et les dernières découvertes archéologiques. À propos d'un récent rapport final de fouilles |d 2018 |w (DE-627)1650700288 |w (DE-576)520004280 |k Non-Electronic |
| 787 | 0 | 8 | |i Rezension von |a Peleg-Barḳat, Orit, 1974 - |t The Temple Mount excavations in Jerusalem ; Volume 5: Herodian architectural decoration and King Herod's royal portico |d Jerusalem : Institute of Archaeology, The Hebrew University of Jerusalem, 2017 |h XX, 249 Seiten |w (DE-627)1564952509 |w (DE-576)494952504 |
| 856 | 4 | 0 | |u https://doi.org/10.2143/RBI.125.1.3284859 |x Resolving-System |z lizenzpflichtig |3 Volltext |7 1 |
| 935 | |a BIIN | ||
| 951 | |a AR | ||
| BIB | |a 1 | ||
| ELC | |a 1 | ||
| ITA | |a 1 |t 1 | ||
| LOK | |0 000 xxxxxcx a22 zn 4500 | ||
| LOK | |0 001 3029129446 | ||
| LOK | |0 003 DE-627 | ||
| LOK | |0 004 1582090750 | ||
| LOK | |0 005 20190130120221 | ||
| LOK | |0 008 181018||||||||||||||||ger||||||| | ||
| LOK | |0 040 |a DE-Tue135 |c DE-627 |d DE-Tue135 | ||
| LOK | |0 092 |o n | ||
| LOK | |0 852 |a DE-Tue135 | ||
| LOK | |0 852 1 |9 00 | ||
| LOK | |0 935 |a ixrz |a ixzo | ||
| LOK | |0 936ln |0 1442048883 |a KBL | ||
| LOK | |0 936ln |0 1442053534 |a TB | ||
| LOK | |0 936ln |0 1442044187 |a HH | ||
| LOK | |0 939 |a 18-10-18 |b l01 | ||
| LOK | |0 000 xxxxxcx a22 zn 4500 | ||
| LOK | |0 001 4008606327 | ||
| LOK | |0 003 DE-627 | ||
| LOK | |0 004 1582090750 | ||
| LOK | |0 005 20220221103818 | ||
| LOK | |0 008 211128||||||||||||||||ger||||||| | ||
| LOK | |0 040 |a DE-Tue135-1 |c DE-627 |d DE-Tue135-1 | ||
| LOK | |0 852 |a DE-Tue135-1 | ||
| LOK | |0 852 1 |m p |9 00 | ||
| LOK | |0 852 2 |b www / FTH Z4-670 |9 00 | ||
| LOK | |0 85640 |u https://bibsearch.uibk.ac.at/permalink/f/1po5meu/UIB_alma51260674540003333 | ||
| LOK | |0 85640 |u https://bibsearch.uibk.ac.at/AC00345880 | ||
| LOK | |0 935 |a inzs | ||
| LOK | |0 938 |k p | ||
| LOK | |0 939 |a 28-11-21 |b l01 | ||
| ORI | |a SA-MARC-ixtheoa001.raw | ||
| REF | |a Architekturgeschichte | ||
| REL | |a 1 | ||
| STA | 0 | 0 | |a Architecture,Architecture,Basilica,Door,Gate,Portal (motif),Portal,Excavation,Excavation,Jerusalem,Jerusalem,Eastern Jerusalem,Temple,Temple |
| STB | 0 | 0 | |a Architecture,Architecture,Basilique,Fouille,Fouille,Jérusalem,Porte,Porte,Portail,Portail,Portail (motif),Portail,Temple,Temple |
| STC | 0 | 0 | |a Arquitectura,Arquitectura,Basílica,Excavación,Excavación,Excavación,Jerusalén,Portal,Portal,Templo,Templo |
| STD | 0 | 0 | |a Architettura,Architettura,Basilica,Gerusalemme,Porta <motivo>,Porta,Portale,Portone,Portale,Portone,Portale (motivo),Portone (motivo),Portale,Portone,Scavi archeologici,Scavi archeologici,Tempio,Tempio |
| STE | 0 | 0 | |a 大殿,大门,闸门,庙宇,寺院,神殿,建筑,挖掘,耶路撒冷 |
| STF | 0 | 0 | |a 大殿,大門,閘門,廟宇,寺院,神殿,建築,挖掘,耶路撒冷 |
| STG | 0 | 0 | |a Arquitetura,Arquitetura,Basílica,Escavação,Escavação,Jerusalém,Portal,Portal,Portão,Portão,Portão (Motivo),Portão,Templo,Templo |
| STH | 0 | 0 | |a Архитектура (мотив),Архитектура,Базилика,Ворота (мотив),Ворота,Иерусалим (мотив),Раскопки (мотив),Раскопки,Храм (мотив),Храм |
| STI | 0 | 0 | |a Ανασκαφή (μοτίβο),Ανασκαφή,Αρχιτεκτονική (μοτίβο),Αρχιτεκτονική,Βασιλική (αρχιτεκτονική),Ιερουσαλήμ (μοτίβο),Ναός (μοτίβο),Ναός,Πύλη (μοτίβο),Πύλη |
| SUB | |a BIB |a REL | ||
| SYG | 0 | 0 | |a Aelia Capitolina,Hierosolyma,Hierusalem,Jeruschalajim,Jerūšālajīm,al- Jerūšālajīm,Ierusalim,Yerûšālayim,Yerushalayim,Gerusalemme,Erowsaġêm,Ūrušalīm,Jerusalén,Jeruzalem,Qudüs,Kudüs,al- Quds,al-Quds,Al- Quds As-̌Sǎrif̄,Elkuds,El-Ḳuds,el- Kudüs,Kudüs,Bait al-Maqdis,Bayt al-Maqdis,Beytülmakdis,Yerušalayim , Tor,Tore , Baukunst , Grabung,Archäologische Grabung,Ausgrabungen,Grabungen |
| TIM | |a 099999800101_100000701231 |b Geschichte v20-70 | ||



